[Event "Tournament (open) \"]
[Site "Madrid (Spain)"]
[Date "2011.05.29"]
[Round "7"]
[White "Hernandez Gutierrez Jose (ESP)"]
[Black "Rodriguez Vignote Javier (ESP)"]
[Result "0-1"]
[WhiteElo "1890"]
[BlackElo "1934"]

1.e4 e6 2.d4 d5 3.Nd2 Nf6 4.e5 Nfd7 5.Bd3 c5 6.c3 Nc6 7.Ne2 cxd4 8.cxd4 f6
9.exf6 Nxf6 10.Nf3 Bd6 11.O-O O-O 12.Bf4 Bxf4 13.Nxf4 Ne4 14.Ne2 Rxf3 15.gxf3
Ng5 16.f4 Nh3+ 17.Kg2 Qh4 18.Qc2 Qg4+ 19.Ng3 Nxf4+ 20.Kg1 Qf3 {#R} 0-1

[Event "It (open)"]
[Site "Gatwick (England)"]
[Date "2011.06.19"]
[Round "3"]
[White "Humphreys Jerry (ENG)"]
[Black "Blackburn Suzie G (WLS)"]
[Result "0-1"]
[WhiteElo "2080"]
[BlackElo "1945"]

1.e4 e6 2.d4 d5 3.Nd2 Nf6 4.e5 Nfd7 5.Bd3 c5 6.c3 Nc6 7.Ne2 cxd4 8.cxd4 f6
9.exf6 Qxf6 10.Nf3 Bb4+ 11.Bd2 Bxd2+ 12.Qxd2 O-O 13.O-O e5 14.dxe5 Ndxe5
15.Nxe5 Nxe5 16.Bb5 Be6 17.Qd4 a6 18.Ba4 Rac8 19.Rac1 Rc4 20.Rxc4 dxc4 21.Qb6
Bd5 22.Qd4 Nf3+ 23.gxf3 Qxf3 {#R} 0-1

[Event "Cup Corporation Centre (open)"]
[Site "Izhevsk (Russia)"]
[Date "2011.07.19"]
[Round "5"]
[White "Bezgodova Maria (RUS)"]
[Black "Kontsevik Georgy (RUS)"]
[Result "1-0"]
[WhiteElo "2226"]
[BlackElo "1908"]

1.e4 e6 2.d4 d5 3.Nd2 Nf6 4.e5 Nfd7 5.Bd3 c5 6.c3 Nc6 7.Ne2 cxd4 8.cxd4 Qb6
9.Nf3 f6 10.Nf4 fxe5 11.dxe5 Ndxe5 12.Nxe5 Nxe5 13.Qh5+ Nf7 14.O-O g6 15.Qe2
Qd6 16.Bb5+ Bd7 17.Nxe6 Be7 18.Bf4 Qb6 19.Nc7+ Kd8 20.Bxd7 Kxd7 21.Qg4+ Kd8
22.Nxa8 {#r} 1-0

[Event "Memorial Icleiber Calife"]
[Site "Recife (Brazil)"]
[Date "2011.07.23"]
[Round "5"]
[White "Jovelino Sergio"]
[Black "Bouwman Marcelo Wanderley (BRA)"]
[Result "0-1"]
[WhiteElo "2062"]
[BlackElo "2222"]

1.e4 e6 2.d4 d5 3.Nd2 Nf6 4.e5 Nfd7 5.Bd3 c5 6.c3 Nc6 7.Ne2 cxd4 8.cxd4 f6
9.exf6 Nxf6 10.Nf3 Bd6 11.O-O Qc7 12.Nc3 a6 13.Re1 O-O 14.Bg5 Bd7 15.Bh4 Rae8
16.Bg3 Kh8 17.Qd2 Bxg3 18.hxg3 e5 19.Nxe5 Nxe5 20.dxe5 Rxe5 21.Rxe5 Qxe5
22.Be2 d4 23.Nd1 Re8 24.Kf1 Ne4 {#R} 0-1

[Event "It (open) \"]
[Site "Medellin (Colombia)"]
[Date "2011.08.03"]
[Round "1"]
[White "Martinez Paipa Hernan (COL)"]
[Black "Martinez Cristian (COL)"]
[Result "0-1"]
[WhiteElo "1917"]
[BlackElo "2234"]

1.e4 e6 2.d4 d5 3.Nd2 Nf6 4.Bd3 c5 5.c3 cxd4 6.cxd4 Nc6 7.e5 Nd7 8.Ne2 f6
9.exf6 Qxf6 10.Nf3 Bd6 11.Bg5 Qf7 12.Rc1 O-O 13.Be3 h6 14.O-O e5 15.dxe5 Ndxe5
16.Nxe5 Nxe5 17.Bb1 Ng4 18.Ng3 Bxg3 19.Rxc8 Bxh2+ 20.Kh1 Qh5 21.Rxf8+ Rxf8
22.Qxg4 Qxg4 23.Kxh2 d4 24.Bc1 Qe2 {#R} 0-1

[Event "It (open)"]
[Site "Mondariz (Spain)"]
[Date "2011.08.26"]
[Round "5"]
[White "Gomez Dieguez Adrian"]
[Black "Rodriguez Vignote Javier (ESP)"]
[Result "0-1"]
[WhiteElo "1698"]
[BlackElo "1934"]

1.e4 e6 2.d4 d5 3.Nd2 Nf6 4.e5 Nfd7 5.Bd3 c5 6.c3 Nc6 7.Ne2 cxd4 8.cxd4 f6
9.exf6 Nxf6 10.Nf3 Bd6 11.O-O O-O 12.Bf4 Bxf4 13.Nxf4 Ne4 14.Ne2 Rxf3 15.gxf3
Ng5 16.f4 Nh3+ 17.Kg2 Qh4 18.Qd2 Qg4+ 19.Ng3 Nxf4+ 20.Kg1 Qf3 21.Rfe1 Qg2# 0-1

[Event "Tournament (juniors) (under 17)"]
[Site "Cartagena (Colombia)"]
[Date "2011.09.09"]
[Round "3"]
[White "Villarreal Gongora Jorge A"]
[Black "Valencia Zuluaga Andres Felipe"]
[Result "0-1"]
[WhiteElo "1874"]
[BlackElo "1930"]

1.e4 e6 2.d4 d5 3.Nd2 Nf6 4.e5 Nfd7 5.Bd3 c5 6.c3 cxd4 7.cxd4 Nc6 8.Ne2 Qb6
9.Nf3 f6 10.exf6 Nxf6 11.O-O Bd6 12.Re1 O-O 13.b3 e5 14.dxe5 Nxe5 15.Nxe5 Bxe5
16.Be3 Qd6 17.Rc1 Bxh2+ 18.Kh1 Ng4 19.Rf1 Bg1 20.g3 Bxf2 21.Bf4 Rxf4 22.Nxf4
Qh6+ {#R} 0-1

[Event "Ch Region"]
[Site "Kislovodsk (Russia)"]
[Date "2011.09.10"]
[Round "1"]
[White "Tekeyev Zaur"]
[Black "Kondzhorian Sona"]
[Result "1-0"]
[WhiteElo "2171"]
[BlackElo "1857"]

1.e4 e6 2.d4 d5 3.Nd2 Nf6 4.e5 Nfd7 5.c3 c5 6.Bd3 Nc6 7.Ne2 cxd4 8.cxd4 f6
9.exf6 Nxf6 10.O-O Bd6 11.Nf3 Qc7 12.Bg5 O-O 13.Rc1 h6 14.Bh4 Nh5 15.Bb1 Qf7
16.Qd3 Nf6 17.Bg3 Bxg3 18.fxg3 Bd7 19.Ne5 Qe8 20.Rxf6 Rxf6 21.Qh7+ Kf8 22.Bg6
Qd8 23.Nxd7+ {#r} 1-0

[Event "Ch Europe (for the Blind)"]
[Site "Rhodes (Greece)"]
[Date "2011.09.13"]
[Round "7"]
[White "Gungor Gokhan (TUR)"]
[Black "Lindenmair Anton (GER)"]
[Result "0-1"]
[WhiteElo "1838"]
[BlackElo "2077"]

1.e4 e6 2.d4 d5 3.Nd2 Nf6 4.e5 Nfd7 5.Bd3 c5 6.c3 Nc6 7.Ne2 cxd4 8.cxd4 f6
9.exf6 Nxf6 10.Nf3 Bd6 11.O-O Qc7 12.Re1 O-O 13.Nc3 a6 14.h3 e5 15.dxe5 Nxe5
16.Nxe5 Bxe5 17.Bd2 Bd4 18.Qc2 Bxh3 19.gxh3 Qg3+ 20.Kf1 Qxf2# 0-1

[Event "Ch Europe (juniors) (under 14) (g)"]
[Site "Albena (Bulgaria)"]
[Date "2011.09.17"]
[Round "6"]
[White "Kostitsina Liubov (RUS)"]
[Black "Hincu Olga (MDA)"]
[Result "1-0"]
[WhiteElo "2017"]
[BlackElo "1816"]

1.e4 e6 2.d4 d5 3.Nd2 Nf6 4.Bd3 c5 5.e5 Nfd7 6.c3 Nc6 7.Ne2 cxd4 8.cxd4 f6
9.Nf4 Qe7 10.Nf3 fxe5 11.dxe5 Nc5 12.Bb1 Bd7 13.Ng6 Qd8 14.Nxh8 Ne4 15.O-O Bc5
16.Bxe4 dxe4 17.Ng5 Nxe5 18.Qh5+ {#r} 1-0

[Event "Memorial Oliver Gonzalez (open)"]
[Site "Madrid (Spain)"]
[Date "2011.10.08"]
[Round "1"]
[White "Korneev Oleg (RUS)"]
[Black "Cavalle Pulla Daniel (ESP)"]
[Result "1-0"]
[WhiteElo "2580"]
[BlackElo "1987"]

1.e4 e6 2.d4 d5 3.Nd2 Nf6 4.e5 Nfd7 5.Bd3 c5 6.c3 Nc6 7.Ne2 cxd4 8.cxd4 Nb6
9.O-O Bd7 10.Nf3 Nb4 11.Bb1 Be7 12.a3 Nc6 13.Nf4 a5 14.Nh5 Kf8 15.Qd2 f6
16.Qf4 Qe8 17.Nxf6 gxf6 18.exf6 Qf7 19.fxe7+ Kxe7 20.Qh4+ Ke8 21.Ng5 Qf6
22.Qh5+ Ke7 23.Ne4 Qf7 24.Qh4+ {#r} 1-0

[Event "Olympiad (under 16)"]
[Site "Kocaeli (Turkey)"]
[Date "2011.10.25"]
[Round "2"]
[White "Orujov Shujaat (AZE)"]
[Black "Seidl Stepan (CZE)"]
[Result "1-0"]
[WhiteElo "2210"]
[BlackElo "2144"]

1.e4 e6 2.d4 d5 3.Nd2 Nf6 4.e5 Nfd7 5.Bd3 c5 6.c3 Nc6 7.Ne2 cxd4 8.cxd4 Qb6
9.Nf3 f6 10.exf6 Nxf6 11.O-O Bd6 12.Bf4 Bxf4 13.Nxf4 O-O 14.Rb1 Qc7 15.g3 e5
16.dxe5 Nxe5 17.Nxe5 Qxe5 18.Re1 Qd6 19.Bc4 Bg4 20.Qd4 Kh8 21.Be2 Bf5 22.Rbd1
Rac8 23.Bf3 Rc4 24.Qxc4 {#r} 1-0

[Event "Ch Brazil (1/2 final)"]
[Site "Brasilia (Brazil)"]
[Round "5"]
[White "Aguiar Lucas (BRA)"]
[Black "Valle Adriano (BRA)"]
[Result "1-0"]
[WhiteElo "2157"]
[BlackElo "2289"]

1.e4 e6 2.d4 d5 3.Nd2 Nf6 4.e5 Nfd7 5.Bd3 c5 6.c3 Nc6 7.Ne2 cxd4 8.cxd4 f6
9.Nf4 Nxd4 10.Qh5+ Ke7 11.Ng6+ hxg6 12.exf6+ Kxf6 13.Qxh8 Kf7 14.Qh3 Nc5
15.Qg3 Qf6 16.Nb3 Ncxb3 17.Bg5 Nf3+ 18.gxf3 Bb4+ 19.Kf1 Qxb2 20.Bxg6+ Kg8
21.Qh3 Qxa1+ 22.Kg2 {#r} 1-0

[Event "It (open)"]
[Site "Panama"]
[Date "2011.11.07"]
[Round "9"]
[White "Sanchez Jorge (PAN)"]
[Black "Sanchez Castillo Sarai (VEN)"]
[Result "0-1"]
[WhiteElo "2178"]
[BlackElo "2237"]

1.e4 e6 2.d4 d5 3.Nd2 Nf6 4.e5 Nfd7 5.Bd3 c5 6.c3 Nc6 7.Ne2 Qb6 8.Nf3 f6
9.exf6 Nxf6 10.O-O cxd4 11.cxd4 Bd6 12.a3 O-O 13.b4 e5 14.dxe5 Nxe5 15.Nxe5
Bxe5 16.Rb1 Ng4 17.Qc2 Rxf2 18.Be3 Qxe3 19.Bxh7+ Kh8 20.Rxf2 Bxh2+ 21.Kh1
Nxf2+ 22.Kxh2 Ng4+ 23.Kh1 Qh6+ 24.Kg1 Qh2+ {#R} 0-1

[Event "Bundesliga B Mitte 2011/12"]
[Site "Austria"]
[Date "2011.12.03"]
[Round "5"]
[White "Wittmann Walter (AUT)"]
[Black "Steiner Stefan (AUT)"]
[Result "0-1"]
[WhiteElo "2269"]
[BlackElo "2272"]

1.e4 e6 2.d4 d5 3.Nd2 Nf6 4.e5 Nfd7 5.Bd3 c5 6.c3 Nc6 7.Ne2 cxd4 8.cxd4 f6
9.exf6 Nxf6 10.Nf3 Bd6 11.O-O Qc7 12.g3 O-O 13.Bf4 Ng4 14.Bxd6 Qxd6 15.Nc3 e5
16.dxe5 Ngxe5 17.Be2 Bh3 18.Re1 Qf6 19.Qxd5+ Kh8 20.Nxe5 Qxf2+ 21.Kh1 Nxe5
22.Qe4 Rae8 23.Rf1 Ng4 {#R} 0-1

[Event "It (open)"]
[Site "San Sebastian de los Reyes (Spain)"]
[Date "2011.12.09"]
[Round "8"]
[White "Cano Cabanillas Javier (ESP)"]
[Black "Tevar Sanz Gonzalo (ESP)"]
[Result "1-0"]
[WhiteElo "1954"]
[BlackElo "1807"]

1.e4 e6 2.d4 d5 3.Nd2 Nf6 4.e5 Nfd7 5.Bd3 c5 6.c3 Nc6 7.Ne2 cxd4 8.cxd4 Bb4
9.O-O f6 10.Nf4 Nxd4 11.Qh5+ Ke7 12.Qg4 Nxe5 13.Qxg7+ Kd6 14.Rd1 Nef3+ 15.Nxf3
Nxf3+ 16.Kh1 Rg8 17.Qh6 Ne5 18.Be4 Ng4 19.Qh4 Bc5 20.Nd3 f5 21.Qg3+ Ne5
22.Qxe5+ Kc6 23.Nxc5 {#r} 1-0

[Event "Ch Europe (active)"]
[Site "Warsaw (Poland)"]
[Date "2011.12.17"]
[Round "3"]
[White "Azarov Sergei (BLR)"]
[Black "Wintzer Joachim (GER)"]
[Result "1-0"]
[WhiteElo "2667"]
[BlackElo "2324"]

1.e4 e6 2.d4 d5 3.Nd2 Nf6 4.e5 Nfd7 5.Bd3 c5 6.c3 Nc6 7.Ne2 cxd4 8.cxd4 Nb6
9.O-O Bd7 10.Nf3 Be7 11.a3 a5 12.Ng3 a4 13.Bf4 Na5 14.Nh5 g6 15.Nf6+ Bxf6
16.exf6 Nbc4 17.Bxc4 Nxc4 18.Be5 Qb6 19.Nd2 Bb5 20.Re1 {#r} 1-0

[Event "It \"]
[Site "Schwaebisch Gmund (Germany)"]
[Round "1"]
[White "Weber Gerhard (GER)"]
[Black "Roth Lothar (GER)"]
[Result "0-1"]
[WhiteElo "1899"]
[BlackElo "2131"]

1.e4 e6 2.d4 d5 3.Nd2 Nf6 4.e5 Nfd7 5.Bd3 c5 6.c3 Nc6 7.Ne2 cxd4 8.cxd4 f6
9.exf6 Qxf6 10.Nf3 Bb4+ 11.Bd2 Bxd2+ 12.Qxd2 O-O 13.O-O e5 14.dxe5 Ndxe5
15.Nxe5 Nxe5 16.f3 Be6 17.Rac1 Nxd3 18.Qxd3 Qxb2 19.Nd4 Bf7 20.Nf5 Rae8 21.Nd6
Qb6+ {#R} 0-1

[Event "It (open)"]
[Site "Prague (Czech Republic)"]
[Date "2012.01.14"]
[Round "2"]
[White "Macek Kamil (CZE)"]
[Black "Vavra Pavel_ (CZE)"]
[Result "1-0"]
[WhiteElo "1993"]
[BlackElo "2397"]

1.e4 e6 2.d4 d5 3.Nd2 Nf6 4.e5 Nfd7 5.Bd3 c5 6.c3 Nc6 7.Ne2 cxd4 8.cxd4 f6
9.Nf4 fxe5 10.Nxe6 Qb6 11.Qh5+ Ke7 12.Nxf8 Rxf8 13.O-O Nf6 14.Qg5 {#r} 1-0

[Event "Czech League 2011/12 (2nd) (f)"]
[Site "Czech Republic"]
[Date "2012.01.22"]
[Round "6"]
[White "Olsarova Karolina (CZE)"]
[Black "Geffert Michal (CZE)"]
[Result "1-0"]
[WhiteElo "2176"]
[BlackElo "1948"]

1.e4 e6 2.d4 d5 3.Nd2 Nf6 4.e5 Nfd7 5.Bd3 c5 6.c3 Nc6 7.Ne2 cxd4 8.cxd4 f6
9.exf6 Nxf6 10.Nf3 Bd6 11.Bf4 Bxf4 12.Nxf4 O-O 13.O-O Qd6 14.Ne2 Bd7 15.Ng3 g6
16.Qd2 Kg7 17.Rfe1 Rae8 18.Rad1 Ng4 19.Bc2 Nh6 20.Nh5+ {#r} 1-0

[Event "Ch Croatia (w)"]
[Site "Topusko (Croatia)"]
[Date "2012.02.07"]
[Round "4"]
[White "Bazaj Bockai Snjezana (CRO)"]
[Black "Medic Mirjana (CRO)"]
[Result "0-1"]
[WhiteElo "2088"]
[BlackElo "2228"]

1.e4 e6 2.d4 d5 3.Nd2 Nf6 4.e5 Nfd7 5.Bd3 c5 6.c3 Nc6 7.Ne2 cxd4 8.cxd4 Qb6
9.Nf3 f6 10.exf6 Nxf6 11.O-O Bd6 12.Nc3 O-O 13.Bb1 Bd7 14.Qd3 Rae8 15.Bg5 Re7
16.Re1 Qxb2 17.Nxd5 exd5 18.Bxf6 Rxe1+ 19.Nxe1 Rxf6 20.Qxh7+ Kf7 21.Qh5+ Ke7
{#R} 0-1

[Event "Ch Departamental"]
[Site "Santander (Spain)"]
[Date "2012.02.11"]
[Round "9"]
[White "Herrera Perez Martin Steven"]
[Black "Martinez Julian (COL)"]
[Result "0-1"]
[WhiteElo "1958"]
[BlackElo "2185"]

1.e4 e6 2.d4 d5 3.Nd2 Nf6 4.e5 Nfd7 5.Bd3 c5 6.c3 Nc6 7.Ne2 Qb6 8.Nf3 cxd4
9.cxd4 Bb4+ 10.Bd2 f6 11.exf6 Nxf6 12.O-O Bd6 13.Bc3 O-O 14.Kh1 Ng4 15.h3 e5
16.hxg4 e4 17.Ne5 exd3 18.Qxd3 Bxe5 19.dxe5 Bxg4 20.Qxd5+ Kh8 21.f3 Rad8
22.Qc4 Bf5 23.Rae1 Qe3 {#R} 0-1

[Event "Ch England (team) 2011/12 (3 div)"]
[Site "England"]
[Date "2012.02.12"]
[Round "6"]
[White "Fogg Martin (ENG)"]
[Black "Lee Darren (ENG)"]
[Result "0-1"]
[WhiteElo "1920"]
[BlackElo "1897"]

1.e4 e6 2.d4 d5 3.Nd2 Nf6 4.e5 Nfd7 5.Bd3 c5 6.c3 Nc6 7.Ne2 cxd4 8.cxd4 f6
9.Nf4 Nxd4 10.Qh5+ Ke7 11.Ng6+ hxg6 12.Qxh8 Nxe5 13.Qh3 Kf7 14.O-O Nxd3
15.Qxd3 e5 16.Kh1 Bf5 17.Qg3 Bd6 18.Nb3 e4 19.Qc3 Qh8 20.h3 Nf3 21.Rd1 Bxh3
22.gxf3 Bg4+ 23.Kg1 Bxf3 {#R} 0-1

[Event "It (open) \"]
[Site "Athens (Greece)"]
[Date "2012.03.03"]
[Round "1"]
[White "Ilandzis Spyridon (GRE)"]
[Black "Liris Orestis"]
[Result "1-0"]
[WhiteElo "2118"]
[BlackElo "1630"]

1.e4 e6 2.d4 d5 3.Nd2 Nf6 4.e5 Nfd7 5.Bd3 c5 6.c3 Nc6 7.Ne2 Qb6 8.Nf3 cxd4
9.cxd4 Bb4+ 10.Kf1 O-O 11.Nf4 Be7 12.h4 Nb4 13.Bxh7+ Kxh7 14.Ng5+ {#r} 1-0

[Event "Tournament (weekend)"]
[Site "Piverone (Italy)"]
[Date "2012.03.09"]
[Round "1"]
[White "Cappa Enrico"]
[Black "Ranieri Fabrizio (ITA)"]
[Result "0-1"]
[WhiteElo "1658"]
[BlackElo "2283"]

1.e4 e6 2.d4 d5 3.Nd2 Nf6 4.e5 Nfd7 5.Bd3 c5 6.c3 Nc6 7.Ne2 cxd4 8.cxd4 f6
9.f4 fxe5 10.fxe5 Nxd4 11.Nxd4 Qh4+ 12.g3 Qxd4 13.Nf3 Bb4+ 14.Kf1 Qg4 15.Kg2
Be7 16.a4 Nc5 17.Ng5 Qxd1 18.Rxd1 Nb3 {#R} 0-1

[Event "Ch Slovakia (juniors) (under 12) (g)"]
[Site "Stara Lubovna (Slovakia)"]
[Date "2012.03.23"]
[Round "6"]
[White "Tomcikova Zuzana"]
[Black "Ucekajova Veronika"]
[Result "0-1"]
[WhiteElo "1092"]
[BlackElo "1335"]

1.e4 e6 2.d4 d5 3.Nd2 Nf6 4.e5 Nfd7 5.Bd3 c5 6.c3 Nc6 7.Ndf3 cxd4 8.cxd4 f6
9.exf6 Nxf6 10.Ne2 Bd6 11.Bg5 Qc7 12.Bxf6 gxf6 13.O-O h5 14.g3 Qg7 15.Kg2 h4
16.Qd2 e5 17.Bb5 hxg3 18.hxg3 Bh3+ 19.Kg1 Bxf1 20.Rxf1 Qg4 21.Nh2 Qh3 {#R} 0-1

[Event "Tournament (universities) (under 27)"]
[Site "Bucaramanga (Colombia)"]
[Date "2012.03.30"]
[Round "3"]
[White "Farfan Eduard Ricardo"]
[Black "Carvajal Montoya Juan Camilo"]
[Result "0-1"]
[WhiteElo "1642"]
[BlackElo "1976"]

1.e4 e6 2.d4 d5 3.Nd2 Nf6 4.e5 Nfd7 5.Bd3 c5 6.c3 Nc6 7.Ne2 cxd4 8.cxd4 f6
9.f4 fxe5 10.dxe5 Bc5 11.Nf3 Qe7 {#R} 0-1

[Event "Memorial Pedro Lezcano Montalvo (open)"]
[Site "Las Palmas (Spain)"]
[Date "2012.04.04"]
[Round "3"]
[White "Garcia Rodriguez Sara (ESP)"]
[Black "Aleman Alamo Nicolas (ESP)"]
[Result "1-0"]
[WhiteElo "2011"]
[BlackElo "1597"]

1.e4 e6 2.d4 d5 3.Nd2 Nf6 4.e5 Nfd7 5.Bd3 c5 6.c3 Nc6 7.Ne2 Qb6 8.Nf3 cxd4
9.cxd4 Be7 10.O-O f6 11.exf6 Nxf6 12.Re1 Bd7 13.Nf4 Nxd4 14.Nxd4 Bc5 15.Nfxe6
Bxe6 16.Rxe6+ {#r} 1-0

[Event "Extra League 2011/12 (juniors) (final)"]
[Site "Czech Republic"]
[Date "2012.04.14"]
[Round "6"]
[White "Ta Van Duy"]
[Black "Hajek Lukas (CZE)"]
[Result "0-1"]
[WhiteElo "1882"]
[BlackElo "2038"]

1.e4 e6 2.d4 d5 3.Nd2 Nf6 4.e5 Nfd7 5.Bd3 c5 6.c3 Nc6 7.Ne2 cxd4 8.cxd4 f6
9.Nf4 Nxd4 10.Qh5+ Ke7 11.Ng6+ hxg6 12.exf6+ Kxf6 13.Qxh8 Kf7 14.O-O Nc5
15.Bb1 e5 16.b4 Nce6 17.a3 Nf4 18.h4 Qd7 19.f3 Nxg2 20.Ne4 dxe4 21.Bxe4 Qh3
22.Bg5 Qg3 23.Ra2 Ne3+ 24.Kh1 Qh3+ {#R} 0-1

[Event "Ch France (juniors) (under 12) (g)"]
[Site "Nimes (France)"]
[Date "2012.04.17"]
[Round "5"]
[White "Guerin Juliette"]
[Black "Seite Yamina"]
[Result "1-0"]
[WhiteElo "1600"]
[BlackElo "1470"]

1.e4 e6 2.d4 d5 3.Nd2 Nf6 4.e5 Nfd7 5.Bd3 c5 6.c3 Nc6 7.Ne2 cxd4 8.cxd4 f6
9.exf6 Nxf6 10.Nf3 Bd6 11.O-O O-O 12.Re1 Ng4 13.Ng3 Bxg3 14.fxg3 Qb6 15.Bxh7+
Kxh7 16.Ng5+ Kg8 17.Qxg4 e5 18.Qh5 Qxd4+ 19.Be3 Qd3 20.Rad1 Qc2 21.Rd2 Qf5
22.Rf2 Qxf2+ 23.Bxf2 Rd8 24.Qh7+ {#r} 1-0

[Event "Tournament (juniors) (under 18)"]
[Site "Cartagena (Colombia)"]
[Date "2012.04.20"]
[Round "4"]
[White "Fajardo Murgas Jossimar Davi"]
[Black "Maldonado Barrera Lina Eulalia"]
[Result "1-0"]
[WhiteElo "1777"]
[BlackElo "1830"]

1.e4 e6 2.d4 d5 3.Nd2 Nf6 4.e5 Nfd7 5.Bd3 c5 6.c3 Nc6 7.Ne2 cxd4 8.cxd4 f6
9.exf6 Qxf6 10.Nf3 Bd6 11.O-O h6 12.a3 O-O 13.Ng3 Nb6 14.Bc2 e5 15.dxe5 Nxe5
16.Nxe5 Bxe5 17.Qd3 Bxg3 18.Qh7+ Kf7 19.fxg3 {#r} 1-0

[Event "It (open)"]
[Site "Orlova (Czech Republic)"]
[Date "2012.05.21"]
[Round "1"]
[White "Dobes Vojtech (CZE)"]
[Black "Gruszka Ales"]
[Result "1-0"]
[WhiteElo "2055"]
[BlackElo "1521"]

1.e4 e6 2.d4 d5 3.Nd2 Nf6 4.e5 Nfd7 5.c3 c5 6.Bd3 Qb6 7.Ne2 Nc6 8.Nf3 cxd4
9.cxd4 Bb4+ 10.Kf1 O-O 11.Bxh7+ Kxh7 12.Ng5+ Kg8 13.Qd3 f5 14.Qh3 Nf6 15.exf6
Rxf6 16.Qh7+ Kf8 17.Qh8+ Ke7 18.Qxg7+ Ke8 19.Qxf6 Ne7 20.Bf4 Bd7 21.Qh8+ {#r}
1-0

[Event "Ch Austria (juniors) (under 12)"]
[Site "Tschagguns (Austria)"]
[Date "2012.05.26"]
[Round "1"]
[White "Blohberger Felix"]
[Black "Wograndl Lukas"]
[Result "1-0"]
[WhiteElo "1782"]
[BlackElo "1520"]

1.e4 e6 2.d4 d5 3.Nd2 Nf6 4.e5 Nfd7 5.Bd3 c5 6.c3 Nc6 7.Ne2 cxd4 8.cxd4 f6
9.exf6 Nxf6 10.Nf3 Bd6 11.O-O Qb6 12.a3 a5 13.b3 O-O 14.Bg5 Qc7 15.Qc2 g6
16.Bh6 Re8 17.Bxg6 hxg6 18.Qxg6+ Kh8 19.Qxf6+ Kg8 20.Qg6+ Kh8 21.Qxe8+ Kh7
22.Qh5 b5 23.Ng5+ Kh8 24.Qe8+ {#r} 1-0

[Event "Ch Poland (amateurs)"]
[Site "Wroclaw (Poland)"]
[Date "2012.06.22"]
[Round "1"]
[White "Wozniak Grzegorz (POL)"]
[Black "Politowicz Anna"]
[Result "0-1"]
[WhiteElo "1569"]
[BlackElo "1922"]

1.e4 e6 2.d4 d5 3.Nd2 Nf6 4.e5 Nfd7 5.Bd3 c5 6.c3 Nc6 7.Ne2 cxd4 8.cxd4 f6
9.exf6 Nxf6 10.Nf3 Bd6 11.O-O Qc7 12.h3 O-O 13.a3 Bd7 14.Bd2 e5 15.dxe5 Nxe5
16.Nxe5 Bxe5 17.Bc3 Bxc3 18.Nxc3 Qf4 19.Rc1 Qg5 20.Kh1 Qh4 21.Be2 Bc6 22.Bf3
Ne4 23.Qd4 Ng3+ {#R} 0-1

[Event "Ch Central Serbia (open) (b)"]
[Site "Paracin (Serbia)"]
[Date "2012.07.13"]
[Round "9"]
[White "Lazic Milan (SRB)"]
[Black "Jakovljevic Dejan"]
[Result "0-1"]
[WhiteElo "2042"]
[BlackElo "1838"]

1.e4 e6 2.d4 d5 3.Nd2 Nf6 4.e5 Nfd7 5.Bd3 c5 6.c3 Nc6 7.Ne2 cxd4 8.cxd4 f6
9.exf6 Nxf6 10.a3 Bd6 11.Nf3 O-O 12.O-O Qc7 13.Bg5 Bd7 14.Ne5 Nxe5 15.dxe5
Bxe5 16.Rc1 Bxh2+ 17.Kh1 Qd6 18.Bxf6 Rxf6 19.Qc2 Rh6 {#R} 0-1

[Event "It (open)"]
[Site "Varna (Bulgaria)"]
[Date "2012.07.17"]
[Round "6"]
[White "Kamenov Valentin (BUL)"]
[Black "Savenkov Konstantin (RUS)"]
[Result "0-1"]
[WhiteElo "1841"]
[BlackElo "2162"]

1.e4 e6 2.d4 d5 3.Nd2 Nf6 4.e5 Nfd7 5.Bd3 c5 6.c3 Nc6 7.Ne2 cxd4 8.cxd4 f6
9.exf6 Qxf6 10.Nf3 h6 11.Nf4 Bb4+ 12.Kf1 O-O 13.a3 Bd6 14.Ne2 e5 15.Bb5 e4
{#R} 0-1

[Event "Memorial L.Kotan (open)"]
[Site "Kosice (Slovakia)"]
[Date "2012.07.28"]
[Round "9"]
[White "Najgebawer Martin"]
[Black "Lembak Jurij (UKR)"]
[Result "1-0"]
[WhiteElo "2136"]
[BlackElo "2259"]

1.e4 e6 2.d4 d5 3.Nd2 Nf6 4.e5 Nfd7 5.Bd3 c5 6.c3 Nc6 7.Ne2 cxd4 8.cxd4 f6
9.exf6 Nxf6 10.O-O Bd6 11.Nf3 Qc7 12.Bg5 O-O 13.Ng3 Bd7 14.Rc1 Qb6 15.Bxf6
Rxf6 16.Bxh7+ Kxh7 17.Ng5+ Kg8 18.Qh5 Be8 19.Qh7+ Kf8 20.Nf5 Rxf5 21.Nxe6+
{#r} 1-0

[Event "It (open)"]
[Site "Creon (France)"]
[Date "2012.08.02"]
[Round "5"]
[White "Savalle Mathilde (FRA)"]
[Black "Le Bail Clara (FRA)"]
[Result "0-1"]
[WhiteElo "1690"]
[BlackElo "1999"]

1.e4 e6 2.d4 d5 3.Nd2 Nf6 4.e5 Nfd7 5.Bd3 c5 6.c3 Nc6 7.Ne2 cxd4 8.cxd4 f6
9.exf6 Nxf6 10.Nf3 Qc7 11.Bg5 Bd6 12.Bh4 O-O 13.O-O Nh5 14.Qc2 h6 15.Bg6 Rxf3
16.gxf3 Bxh2+ 17.Kh1 Nf4 18.Bg3 Bxg3 19.Nxg3 Qe7 20.Bh7+ Kh8 21.Qd2 Qh4+
22.Kg1 Nxd4 23.Qd3 Nh3+ {#R} 0-1

[Event "Tournament (Elo)"]
[Site "Nevinnomisk (Russia)"]
[Date "2012.08.16"]
[Round "2"]
[White "Putintsev Viktor"]
[Black "Novikova Ksenia"]
[Result "1-0"]
[WhiteElo "2183"]
[BlackElo "1984"]

1.e4 e6 2.d4 d5 3.Nd2 Nf6 4.e5 Nfd7 5.Bd3 c5 6.c3 Nc6 7.Ne2 cxd4 8.cxd4 f6
9.exf6 Qxf6 10.Nf3 h6 11.O-O Bd6 12.Ng3 O-O 13.Nh5 Qf7 14.Nh4 Rd8 15.Bxh6 gxh6
16.Qg4+ Kf8 17.Ng6+ Ke8 18.Nh8 Nf6 19.Qf3 Nxd4 20.Nxf6+ Ke7 {#r} 1-0

[Event "Ch Europe (juniors) (under 12)"]
[Site "Prague (Czech Republic)"]
[Date "2012.08.21"]
[Round "5"]
[White "Janik Igor"]
[Black "Sayin Atakan"]
[Result "1-0"]
[WhiteElo "1818"]
[BlackElo "1661"]

1.e4 e6 2.d4 d5 3.Nd2 Nf6 4.e5 Nfd7 5.Bd3 c5 6.c3 Nc6 7.Ne2 cxd4 8.cxd4 f6
9.exf6 Nxf6 10.O-O Bd6 11.Nf3 O-O 12.Nc3 a6 13.Re1 Qc7 14.g3 e5 15.dxe5 Nxe5
16.Nxe5 Bxe5 17.Nxd5 Qd6 18.Nxf6+ Qxf6 19.Be3 Bxb2 20.Rb1 Bc3 21.Re2 Be6
22.Rb6 Be5 {#r} 1-0